书目信息 |
| 题名: |
汉朝大历史
|
|
| 作者: | 吕思勉 著 | |
| 分册: | ||
| 出版信息: | 北京 北京联合出版公司 2019.03 |
|
| 页数: | 11,379页 | |
| 开本: | 24cm | |
| 丛书名: | ||
| 单 册: | ||
| 中图分类: | K234.09 | |
| 科图分类: | ||
| 主题词: | 汉代--历史--通俗读物 | |
| 电子资源: | ||
| ISBN: | 978-7-5502-0805-6 | |
| 000 | 00819nam0 2200253 450 | |
| 001 | 0120192788345 | |
| 005 | 20201027100427.55 | |
| 010 | @a978-7-5502-0805-6@dCNY59.00 | |
| 100 | @a20190402d2019 em y0chiy50 ea | |
| 101 | 0 | @achi |
| 102 | @aCN@b110000 | |
| 105 | @ay z 000yy | |
| 106 | @ar | |
| 200 | 1 | @a汉朝大历史@9han chao da li shi@f吕思勉著 |
| 205 | @a2版 | |
| 210 | @a北京@c北京联合出版公司@d2019.03 | |
| 215 | @a11,379页@d24cm | |
| 330 | @a本书全方位解读大汉帝国兴衰的真相,内容包括:秦亡汉兴、汉初事迹、汉中叶事迹、汉末事迹、新室始末、后汉之兴、后汉盛世、后汉衰乱、后汉乱亡九个章节。 | |
| 333 | @a历史爱好者 | |
| 606 | 0 | @a汉代@x历史@j通俗读物 |
| 690 | @aK234.09@v5 | |
| 701 | 0 | @a吕思勉@9lv si mian@f(1884-1957)@4著 |
| 801 | 0 | @aCN@b人天书店@c20190402 |
| 905 | @b1296173-76@dK234.09@e104=2@f4 | |
| 汉朝大历史/吕思勉著.-2版.-北京:北京联合出版公司,2019.03 |
| 11,379页;24cm |
| 使用对象:历史爱好者 |
| ISBN 978-7-5502-0805-6:CNY59.00 |
| 本书全方位解读大汉帝国兴衰的真相,内容包括:秦亡汉兴、汉初事迹、汉中叶事迹、汉末事迹、新室始末、后汉之兴、后汉盛世、后汉衰乱、后汉乱亡九个章节。 |
| ● |
| 相关链接 |
|
|
|
|
正题名:汉朝大历史
索取号:K234.09/104=2
 
预约/预借
| 序号 | 登录号 | 条形码 | 馆藏地/架位号 | 状态 | 备注 |
| 1 | 1296173 | 212961730 | 第二样本阅览室/ [索取号:K234.09/104=2] | 在馆 | |
| 2 | 1296174 | 212961749 | 第二借阅区/ [索取号:K234.09/104=2] | 在馆 | |
| 3 | 1296175 | 212961758 | 第二借阅区/ [索取号:K234.09/104=2] | 在馆 | |
| 4 | 1296176 | 212961767 | 第二借阅区/ [索取号:K234.09/104=2] | 在馆 |